Modern military aircraft : (Record no. 12)

MARC details
000 -LEADER
fixed length control field 01069cam a2200337 i 4500
005 - DATE AND TIME OF LATEST TRANSACTION
control field 20260322212003.0
008 - FIXED-LENGTH DATA ELEMENTS--GENERAL INFORMATION
fixed length control field data
010 ## - LIBRARY OF CONGRESS CONTROL NUMBER
LC control number 2014397568
020 ## - INTERNATIONAL STANDARD BOOK NUMBER
International Standard Book Number 9781782740667 (hardback)
020 ## - INTERNATIONAL STANDARD BOOK NUMBER
International Standard Book Number 178274066X
040 ## - CATALOGING SOURCE
Original cataloging agency DLC
Language of cataloging eng
Transcribing agency DLC
Description conventions rda
Modifying agency DLC
042 ## - AUTHENTICATION CODE
Authentication code pcc
050 00 - LIBRARY OF CONGRESS CALL NUMBER
Classification number UG1240
Item number .N494 2013
082 04 - DEWEY DECIMAL CLASSIFICATION NUMBER
Classification number 623.746
Edition information 23
092 ## - LOCALLY ASSIGNED DEWEY CALL NUMBER (OCLC)
Classification number 623.7 NEW 2013
001 - CONTROL NUMBER
control field data
100 1# - MAIN ENTRY--PERSONAL NAME
Personal name Newdick, Thomas.
245 10 - TITLE STATEMENT
Title Modern military aircraft :
Remainder of title the world's great weapons /
Statement of responsibility, etc. Thomas Newdick & Tom Cooper.
264 #1 - PRODUCTION, PUBLICATION, DISTRIBUTION, MANUFACTURE, AND COPYRIGHT NOTICE
Place of production, publication, distribution, manufacture London :
Name of producer, publisher, distributor, manufacturer Amber Books,
Date of production, publication, distribution, manufacture, or copyright notice [2013]
300 ## - PHYSICAL DESCRIPTION
Extent 384 pages :
Other physical details color illustrations, maps ;
Dimensions 25 cm
336 ## - CONTENT TYPE
Content type term text
Source rdacontent
337 ## - MEDIA TYPE
Media type term unmediated
Source rdamedia
338 ## - CARRIER TYPE
Carrier type term volume
Source rdacarrier
500 ## - GENERAL NOTE
General note Includes index.
650 #0 - SUBJECT ADDED ENTRY--TOPICAL TERM
Topical term or geographic name entry element Airplanes, Military
General subdivision History.
650 #0 - SUBJECT ADDED ENTRY--TOPICAL TERM
Topical term or geographic name entry element Airplanes, Military
General subdivision History
Form subdivision Pictorial works
700 1# - ADDED ENTRY--PERSONAL NAME
Personal name Cooper, Tom,
Dates associated with a name 1970-
906 ## - LOCAL DATA ELEMENT F, LDF (RLIN)
a 7
b cbc
c pcc
d 2
e ncip
f 20
g y-gencatlg
925 0# -
-- acquire
-- 2 shelf copies
-- policy default
Holdings
Withdrawn status Lost status Damaged status Not for loan Home library Current library Shelving location Date acquired Total checkouts Full call number Barcode Date last seen Price effective from Koha item type
        Union Union General stacks 22/03/2026   623.746 23 BC0010012 22/03/2026 22/03/2026 Books